| 000 | 01202nam a2200265Ia 4500 | ||
|---|---|---|---|
| 003 | Ost | ||
| 005 | 20260416102353.0 | ||
| 008 | 260416s9999||||xx |||||||||||||| ||und|| | ||
| 040 | _cfsecg | ||
| 041 | _aara | ||
| 082 | _a519.5 | ||
| 100 |
_aحاند، أمينة _eمؤلف |
||
| 245 | 0 |
_aالإحصاء 3 : _bالإحصاء الإستدلالي / _c أمينة حاند |
|
| 260 |
_aالجزائر _bجامعة الجزائر3: كلية العلوم الإقتصادية، العلوم التجارية وعلوم التسيير _c2018 |
||
| 300 |
_a64 ورقة _bايضاحات _c30 سم |
||
| 504 | _aمراجع ص.64 ملاحق ص.58 | ||
| 520 | _aالتوزيعات الاحتمالية، المعاينة وتوزيعاتها، التقدير ومجالات الثقة، اختبار الفرضيات | ||
| 653 | _aالإحتمالات | ||
| 653 | _aالاحصاء | ||
| 653 | _aالإحصاء الرياضي | ||
| 653 | _aالإستدلال الإحصائي | ||
| 653 | _aالعينات-إحصاء | ||
| 710 |
_aجامعة الجزائر3: كلية العلوم الإقتصادية، العلوم التجارية وعلوم التسيير _eناشر علمي |
||
| 942 | _cHANDOUT | ||
| 999 |
_c41103 _d41103 |
||